| 000 | 01113nam a2200265Ia 4500 | ||
|---|---|---|---|
| 999 |
_c40586 _d40586 |
||
| 001 | 7211 | ||
| 003 | GE_BSU | ||
| 005 | 20231013125315.0 | ||
| 008 | 181216s2013||||ge |||||||||||||| ||geo|| | ||
| 040 | _cGE_BSU | ||
| 041 | _ageo | ||
| 080 | _a347.9(479.22)(094.4) ს-32 | ||
| 245 |
_aსაქართველოს სამოქალაქო საპროცესო კოდექსი ; _bცვლილებებითა და დამატებებით 2013 წლის 15აპრილამდე. |
||
| 245 | _b. | ||
| 250 | _a(იურისტის ბიბლიოთეკა) | ||
| 260 | _aთბილისი. | ||
| 260 | _bბონა კაუზა. | ||
| 260 | _c2013. | ||
| 300 |
_a27 5 გვ. ; _c20 სმ. |
||
| 490 | _a(იურისტის ბიბლიოთეკა) | ||
| 500 | _aანბან. საგნ. საძიებელი გვ. : 261-271 | ||
| 541 | _h12ლ. | ||
| 653 | _aსაქართველოს სამოქალაქო საპროცესო კოდექსი 2013 | ||
| 942 |
_cBK _2udc |
||